00593 a2200181 4500003000400000005001700004008004100021020001800062040000900080082001900089100002800108245003700136260003900173300000900212942004400221952012900265999001700394OSt20240131145348.0231223b |||||||| |||| 00| 0 eng d a9789350005026 coclc a891.433bSOU/T aSourabh, Pradeep910212 aTEESARI TAALI /cPradeep Saurabh aNew Delhi:bVani Prakashan,c2018. a195p 2ddccBKh891.433iSOU/Tk891.433mSOU/T 00102ddc40708FICaMESbMEScHINd2023-12-23l0o891.433 SOU/Tp43194r2023-12-23 15:14:53v395.00w2023-12-23yBKzGR7R3 c43560d43560